000 00827nam a2200265 i 4500
001 11502
003 ES-MaACL
005 20250831014555.0
007 t|
008 921209s1992 sp a |||| | spa d
020 _a84-7100-558-1
080 _a976.3"15/18"
100 1 _aHoffman, Paul E. (
_d1943-)
_9162240
245 1 0 _aLuisiana /
_cPaul E. Hoffman ; [traducción, Eliézer Gutman].
260 _aMadrid :
_bMAPFRE,
_c[1992]
300 _a328 p :
_bil. ;
_c23 cm.
490 1 _aColección España y Estados Unidos ;
_v8
500 _aÍndices.
504 _aBibliografía: p. [313]-315.
651 4 _aLuisiana-
_xHistoria.
_9162241
700 1 _aGutman, Eliézer.
_961242
830 0 0 _aColección España y Estados Unidos (Mapfre)
_v8
_9179133
852 _aES-MaACL
_jL-18827
999 _c11502
_d11502